| 000 -CABECERA |
| Longitud fija campo de control |
00832nam a22002177a 4500 |
| 003 - IDENTIFICADOR DEL NÚMERO DE CONTROL |
| Identificador del número de control |
OSt |
| 005 - FECHA Y HORA DE LA ÚLTIMA TRANSACCIÓN |
| Fecha y hora de la última transacción |
20180417173542.0 |
| 008 - CÓDIGOS DE INFORMACIÓN DE LONGITUD FIJA |
| Códigos de información de longitud fija |
180417e201710 spca||| |||| 010 0dcat|d |
| 017 ## - NÚMERO DE COPYRIGHT O DE DEPÓSITO LEGAL |
| Número de copyright o de depósito legal |
DL B 20430-2017 |
| Agencia que asigna el número |
Biblioteca de Catalunya |
| 020 ## - NÚMERO INTERNACIONAL NORMALIZADO PARA LIBROS |
| Número Internacional Normalizado para Libros (ISBN) |
9788416853120 |
| 040 ## - FUENTE DE LA CATALOGACIÓN |
| Centro catalogador de origen |
ES-BaBAB |
| Lengua de catalogación |
cat |
| Centro transcriptor |
CDMR |
| 245 03 - MENCIÓN DE TÍTULO |
| Título |
La Brigada del vidre |
| Resto del título |
: cròniques del front (1936-1939) / |
| Mención de responsabilidad, etc. |
Maria Campillo (ed.) |
| 260 ## - PUBLICACIÓN, DISTRIBUCIÓN, ETC. (PIE DE IMPRENTA) |
| Lugar de publicación, distribución, etc. |
Barcelona : |
| Nombre del editor, distribuidor, etc. |
L'Avenç, |
| Fecha de publicación, distribución, etc. |
2017 |
| 300 ## - DESCRIPCIÓN FÍSICA |
| Extensión |
237 pàgines : |
| Otras características físicas |
il·lustracions ; |
| Dimensiones |
24 cm |
| 504 ## - NOTA DE BIBLIOGRAFÍA, ETC |
| Nota de bibliografía, etc. |
Inclou bibliografia |
| 650 #4 - PUNTO DE ACCESO ADICIONAL DE MATERIA - TÉRMINO DE MATERIA |
| Término de materia o nombre geográfico como elemento inicial |
Republicanisme |
| Subdivisión geográfica |
Espanya |
| Subdivisión de materia general |
Història |
| Subdivisión cronológica |
1936-1939, Guerra Civil |
| 650 #7 - PUNTO DE ACCESO ADICIONAL DE MATERIA - TÉRMINO DE MATERIA |
| Término de materia o nombre geográfico como elemento inicial |
Republicanisme |
| Subdivisión geográfica |
Espanya |
| Subdivisión de materia general |
Història |
| -- |
Reculls d'escrits |
| Fuente del encabezamiento o término |
lemac |
| 651 #7 - PUNTO DE ACCESO ADICIONAL DE MATERIA - NOMBRE GEOGRÁFICO |
| Nombre geográfico |
Espanya |
| Subdivisión de materia general |
Història |
| Subdivisión cronológica |
1936-1939, Guerra Civil |
| Subdivisión de materia general |
Relats personals |
| Fuente del encabezamiento o término |
lemac |
| 700 1# - PUNTO DE ACCESO ADICIONAL - NOMBRE DE PERSONA |
| Nombre de persona |
Campillo, Maria |
| Fechas asociadas al nombre |
1953- |
| Término indicativo de función |
editor literari |
| 9 (RLIN) |
1626 |
| 942 ## - ENTRADA DE ELEMENTOS AGREGADOS (KOHA) |
| Koha [por defecto] tipo de item |
Monografies |